<?xml version="1.0" encoding="UTF-8"?>
<record
    xmlns:xsi="http://www.w3.org/2001/XMLSchema-instance"
    xsi:schemaLocation="http://www.loc.gov/MARC21/slim http://www.loc.gov/standards/marcxml/schema/MARC21slim.xsd"
    xmlns="http://www.loc.gov/MARC21/slim">

  <leader>01068nam a22002537a 4500</leader>
  <controlfield tag="001">5060</controlfield>
  <controlfield tag="003">FISKH</controlfield>
  <controlfield tag="005">20241104122847.0</controlfield>
  <controlfield tag="008">241104b        cb ||||| |||| 00| 0 eng d</controlfield>
  <datafield tag="020" ind1=" " ind2=" ">
    <subfield code="a">9781400031320</subfield>
  </datafield>
  <datafield tag="040" ind1=" " ind2=" ">
    <subfield code="a">FISKH</subfield>
    <subfield code="b">eng</subfield>
    <subfield code="c">FISKH</subfield>
    <subfield code="d">FISKH</subfield>
  </datafield>
  <datafield tag="050" ind1=" " ind2=" ">
    <subfield code="a">PS3554.E437</subfield>
  </datafield>
  <datafield tag="082" ind1=" " ind2=" ">
    <subfield code="a">813.54</subfield>
  </datafield>
  <datafield tag="100" ind1=" " ind2=" ">
    <subfield code="a">Delany, Samuel r. </subfield>
  </datafield>
  <datafield tag="245" ind1=" " ind2=" ">
    <subfield code="a">The Fall of the Towers /</subfield>
    <subfield code="c">by Samuel R. Delany</subfield>
  </datafield>
  <datafield tag="260" ind1=" " ind2=" ">
    <subfield code="a">New York : </subfield>
    <subfield code="b">Vitage Books ;</subfield>
    <subfield code="c">1963.</subfield>
  </datafield>
  <datafield tag="300" ind1=" " ind2=" ">
    <subfield code="a">438 pages : </subfield>
    <subfield code="b">illustrations ;</subfield>
    <subfield code="c">20 cm . </subfield>
  </datafield>
  <datafield tag="490" ind1=" " ind2=" ">
    <subfield code="a">The Fall of the Towers</subfield>
    <subfield code="v">Omnibus 01-03</subfield>
  </datafield>
  <datafield tag="520" ind1=" " ind2=" ">
    <subfield code="a">Come and enter Samuel Delany's tomorow, in this trilogy of high adventure, with acrobats and urchins, criminals and courtiers, fishermen and factory-workers, madmen and mind-readers, dwarves and ducheses, giants and geniuses, merchants and mathematicians, soldiers and scholars, pirates and poets, and a gallery of aliens who fly, crawl, burrow, or swim.</subfield>
  </datafield>
  <datafield tag="650" ind1=" " ind2=" ">
    <subfield code="a">post-apocalyptic</subfield>
    <subfield code="v">science fiction</subfield>
  </datafield>
  <datafield tag="700" ind1=" " ind2=" ">
    <subfield code="a">Hamilton, James </subfield>
    <subfield code="e">Photographer</subfield>
  </datafield>
  <datafield tag="942" ind1=" " ind2=" ">
    <subfield code="2">ddc</subfield>
    <subfield code="c">BK</subfield>
    <subfield code="n">0</subfield>
  </datafield>
  <datafield tag="999" ind1=" " ind2=" ">
    <subfield code="c">5060</subfield>
    <subfield code="d">5060</subfield>
  </datafield>
  <datafield tag="952" ind1=" " ind2=" ">
    <subfield code="0">0</subfield>
    <subfield code="1">0</subfield>
    <subfield code="2">ddc</subfield>
    <subfield code="4">0</subfield>
    <subfield code="7">0</subfield>
    <subfield code="8">FIC</subfield>
    <subfield code="a">001</subfield>
    <subfield code="b">001</subfield>
    <subfield code="c">SBS</subfield>
    <subfield code="d">2024-11-04</subfield>
    <subfield code="l">0</subfield>
    <subfield code="o">DEL 813.54 PS3554.E437</subfield>
    <subfield code="p">FISSE04474</subfield>
    <subfield code="r">2024-11-04 12:28:44</subfield>
    <subfield code="w">2024-11-04</subfield>
    <subfield code="y">BK</subfield>
  </datafield>
</record>
